00581nam a2200181Ia 4500003000500000008004100005020001800046040001900064082000700083100002500090245007600115260003400191300000800225546001200233942001200245999001700257952012500274STCL181203s9999 xx 000 0 und d a9781118917169 aSTCLbENcSTCL 222 aBellinger, Edward G. 0aFreshwater Algae: Identification, Enumeration and Use as Bio Indicators bWiley BlackwellaLondonc2015 a275 aEnglish 2ddccBK c86809d86809 00102ddc4070aSTCALbSTCALcGENd2018-12-03l5o579.817 BEL-Fp95428r2023-02-02 00:00:00s2023-01-23w2018-12-03yBK